000 01293nam a22003977a 4500
001 0010029
003 KOHA_MİRAKIL
005 20260207001730.0
007 ta
008 091102b1993 tu |||gr||||#||||0|tur |
020 _a9755640037
_c0,01
040 _aTR-BiSEU
_btur
_cTR-BiSEU
_erda
041 0 _atur
044 _ctu
050 _aHC105.2
_b.G46 1993
100 1 _aGenç, Mehmet.
245 1 _aAvrupa Topluluklarının kurumsal ve hukuksal yapısı/
_cMehmet Genç ; Mehmet Genç.
264 1 _aBursa :
_bUludağ Üniversitesi Güçlendirme Vakfı
_c1993
300 _a 247 sayfa
336 _ametin
_btxt
_2rdacontent
337 _aaracısız
_bn
_2rdamedia
338 _acilt
_bnc
_2rdacarrier
490 0 _aUludağ Üniversitesi Güçlendirme Vakfı yayın no.
490 0 _a72.
490 0 _aU.Ü.İ.İ.B.F.
490 0 _aİşletme İktisadı ve Muhasebe Araştırma ve Uygulama Merkezi no.
490 0 _a73.
500 _aKaynakça var.
650 0 _aAvrupa Toplulukları.
_97515
830 0 _aUludağ Üniversitesi Güçlendirme Vakfı yayın no.
_92243
830 0 _a72.
_914495
830 0 _aU.Ü.İ.İ.B.F.
_99333
830 0 _aİşletme İktisadı ve Muhasebe Araştırma ve Uygulama Merkezi no.
_924743
830 0 _a73.
_92963
942 _2lcc
_cBK
999 _c10001
_d10001